Z lásky k vám /

Hlavní autor: Prowse, Amanda
Další autoři: Mikolajková, Lucie, 1975-
Jazyk: Čeština
Vydáno: Brno : Host, 2015
Vydání: První vydání
Témata:
Fyzický popis: 303 stran ; 21 cm
Knihy
Uloženo v:
LEADER 01417nam a2200397 i 4500
001 nkc20152749541
003 CZ PrNK
005 20151126130409.0
007 ta
008 151029s2015 xr g 000 f cze
015 |a cnb002749541 
020 |a 978-80-7491-108-8  |q (vázáno) 
035 |a (OCoLC)932001069 
040 |a BOA001  |b cze  |d ABA001  |e rda 
041 1 |a cze  |h eng 
072 7 |a 821.111-3  |x Anglická próza, anglicky psaná  |2 Konspekt  |9 25 
080 |a 821.111-31  |2 MRF 
080 |a (0:82-31)  |2 MRF 
100 1 |a Prowse, Amanda  |7 osa2015887292  |4 aut 
240 1 0 |a What have I done?  |l Česky 
245 1 0 |a Z lásky k vám /  |c Amanda Prowseová ; z anglického originálu What have I done? ... přeložila Lucie Mikolajková 
250 |a První vydání 
264 1 |a Brno :  |b Host,  |c 2015 
300 |a 303 stran ;  |c 21 cm 
336 |a text  |b txt  |2 rdacontent 
337 |a bez média  |b n  |2 rdamedia 
338 |a svazek  |b nc  |2 rdacarrier 
655 7 |a anglické romány  |7 fd131814  |2 czenas 
655 9 |a English fiction  |2 eczenas 
700 1 |a Mikolajková, Lucie,  |d 1975-  |7 ola2006323455  |4 trl 
910 2 |a BOA001  |b 2-1355.437 
990 |a BK 
995 |a 01 
991 |b 201511  |c NOV  |e b 
996 6 |b 2610648569  |c 2-1355.437  |l MZK  |r Sklad / do 1 hodiny  |n 0  |p p.v.  |w 001529623  |u 000010  |a 1  |e BOA001  |j MZK50  |s P 
996 7 |b 2610648570  |c 2-1355.437  |l MZK  |r Sklad / do 1 hodiny  |n 8  |p p.v.  |w 001529623  |u 000020  |a 1  |e BOA001  |j MZK50  |s A